|
|
|
|
| LEADER |
00000nab a2200000 a 4500 |
| 001 |
vtls000285377 |
| 003 |
SK-MaSNL |
| 005 |
20260302220130.0 |
| 008 |
111201c1987 xo 0 slo |
| 015 |
|
|
|a SNBRB19rr/mm-uuuuu
|
| 035 |
|
|
|a CL0295495
|
| 040 |
|
|
|a SNKBUCL
|b slo
|c SNKBUCL
|e AACR2
|
| 041 |
0 |
|
|a slo
|
| 044 |
|
|
|a xo
|c SK
|
| 080 |
|
|
|a 025.3
|2 1981
|
| 080 |
|
|
|a 025.303.3
|2 1981
|
| 080 |
|
|
|a 027.53(437.6)
|2 1981
|
| 100 |
1 |
|
|a Buociková, Margita,
|d 1939-
|4 aut
|9 75296
|
| 245 |
1 |
0 |
|a Metodika budovania systému katalógov a kartoték v OK
|c Margita Buociková, Zuzana Janečková ; Margita Bouciková
|
| 650 |
0 |
7 |
|a okresné knižnice
|2 snkbucl
|9 64389
|
| 650 |
0 |
7 |
|a kartotéky knižniné
|2 snkbucl
|9 945512
|
| 650 |
0 |
7 |
|a knižničné katalógy
|2 snkbucl
|9 3489
|
| 655 |
|
7 |
|a články z novín a časopisov
|2 snkbucl
|9 267496
|
| 655 |
|
7 |
|a články z odboru knihovníctvo
|2 snkbucl
|9 166141
|
| 700 |
1 |
|
|a Janečková, Zuzana
|4 aut
|9 653029
|
| 700 |
1 |
|
|a Buociková, Margita,
|d 1939-
|4 aut
|9 75296
|
| 773 |
0 |
|
|t Informácie a materiály
|g Č. 171 (1987), s. príl. s. 1-31
|
| 850 |
|
|
|a Slovenská národná knižnica v Martine
|a MTA001
|
| 852 |
|
|
|a SNK
|b KIS3GCP
|
| 958 |
|
|
|a RK
|
| 958 |
|
|
|a KL
|
| 992 |
|
|
|a RBX
|
| 999 |
|
|
|c 1505607
|d 1507537
|